1296 1072 1825 1820 1211 1882 1608 1620 1156 1297 1119 1487 1604 1955 1826 1370 1847 1976 1572 1099 1614 1728 1513 1468 2000 1876 1443 1066 1169 1672 1270 1118 1484 1788 1889 1840 1868 1723 1914 1050 1958 1032 1288 1447 1119 1454 1160 1507 1667 1701 1182 1056 1107 1431 1971 1935 1408 1327 1065 1155 1893 1574 1182 1698 1376 1403 1940 1608 1238 1068 1522 1135 1971 1627 1236 1219 1391 1181 1875 1422 1277 1809 1285 1264 1456 1732 1336 1908 1330 1341 1317 1695 1354 1282 1755 1480 1529 1250 1705 BCNSPRNW ULIB Ver.6.0+V

เปลี่ยนเป็นภาษาไทย

Change to English
 แสดงรายละเอียดบรรณานุกรม
  กลับหน้าหลัก

Brief Record : Get Marc (ISO 2709) : E-mail record : QR code < ปิดหน้าต่าง
LEADER : 00000nam 2200000uu 4500
001    13399110674
003     ULIB
008    110607s2542||||th 000 0 tha d
020    9746632159
060 04 WS100^bก717ป 2542
245 00 กุมารเวชปฏิบัติทันยุค /^cบรรณาธิการ กิตติ อังศุสิงห์ ...[และคนอื่นๆ]
250    พิมพ์ครั้งที่ 1
260    กรุงเทพ :^bภาควิชากุมารเวชศาสตร์คณะแพทยศาสตร์ศิริราชพยาบาล มหาวิทยาลัยมหิดล,^c2542
300    460 หน้า :^bภาพประกอบ (สีบางภาพ) ;^c26 ซม.
500 จั ดพิมพ์เพื่อเฉลิมพระเกียรติในวโรกาสที่พระบาทสมเด็จพระเจ้าอยู่หัวภูมิพลอดุลยเดชมหาราช ทรงเจริญพระชนมพรรษาครบ 6 รอบ โดยภาควิชากุมารเวชศาสตร์ คณะแพทยศาสตร์ศิริราชพยาบาล มหาวิทยาลัยมหิดล
650  2 Pediatrics
650  7 กุมารเวชศาสตร์
653    ผลงานอาจารย์คณะแพทยศาสตร์ศิริราชพยาบาล
700 0  กิตติ อังศุสิงห์,^eบรรณาธิการ
710 2  มหาวิทยาลัยมหิดล. ^bคณะแพทยศาสตร์ศิริราชพยาบาล.^bภาควิชากุมารเวชศาสตร์
945    ^p350^l0^i012814
945    ^p350^l0^i012812
945    ^p350^l0^i012813
995    ทศพร
999 ^a ใช้งานได้ทุกระบบ
รายการนี้ยังไม่มีแท็ก
คุณยังไม่ได้ล็อกอิน คุณสามารถมีกิจกรรมร่วมกับเว็บไซต์ได้ แต่ต้องล็อกอินก่อน ::
  ล็อกอิน

รายการสื่อสารสนเทศ

ลำดับที่ ประเภท เลขเรียก/บาร์โค้ด สถานที่ สถานะ
- ไม่พบข้อมูล -

รายการใกล้เคียง
    หัวเรื่อง [Pediatrics]
    หัวเรื่อง [กุมารเวชศาสตร์]

BibComment


ยังไม่เคยถูกคอมเมนท์

คอมเมนท์ทรัพยากรรายการนี้
  คอมเมนท์: กุมารเวชปฏิบัติทั..


 Copyright 2026. Bcnsprnw @Library